000 00240nam a22000977a 4500
100 _aMajumdar,Jasleen
_979829
245 _aHumorous Tales of Mulla Nasruddin
260 _aDelhi
_bDPS books
_c2018
650 _aChildren Book
_979830
942 _cBK
999 _c63404
_d63404